000 00621nam a2200181Ia 4500
008 151018s9999 xx 000 0 und d
082 _bRBASDV40834
_a340
100 _aअभया शेलकर
245 _aमुंबई पोलीस अधिनियम
250 _b1
260 _bशिवांश पब्लिकेशन
_c2005
300 _a312
600 _aअभया शेलकर
630 _aमुंबई पोलीस अधिनियम
700 _aअभया शेलकर
730 _aमुंबई पोलीस अधिनियम
942 _cBOOK
999 _c1040108
_d1040105